Ανάλυση (διαφορικός λογισμός) : συναρτήσεις όρια συνέχεια παράγωγος

Saved in:
Bibliographic Details
Main Author: Ζήβας, Μαρίνος
Format: Book
Language:Greek
Published: Αθήνα : Εκδόσεις Ζήβα, 1994.
Subjects:
Tags: Add Tag
No Tags, Be the first to tag this record!

MARC

LEADER 00000cam a2200000 a 4500
001 1/125310
008 220908t1994####gr | ||| |||| ||gre||
040 |a GR-MyUa  |b gre  |c GR-MyUa  |e AACR2 
041 0 |a gre 
082 7 |a 515.33  |2 (23) 
100 1 |a Ζήβας, Μαρίνος. 
245 1 0 |a Ανάλυση (διαφορικός λογισμός) :   |b συναρτήσεις όρια συνέχεια παράγωγος /   |c Μαρίνος Ζήβας.  
260 |a Αθήνα :   |b Εκδόσεις Ζήβα,   |c 1994.  
300 |a 444 σ. ;   |c 24 εκ.  
504 |a Περιέχει βιβλιογραφικές αναφορές.  
650 0 |a Calculus. 
650 0 |a Mathematical analysis. 
650 0 |a Differential calculus. 
852 |a INST  |b SAMOS  |e 20220908  |h 515.33 ΖΗΒ  |p 005300046773  |q 005300046773  |t BK  |y 0 
970 |a Γουβάλα  |b Βάσω   |z 08-09-2022